Integration: : myth or reality?
Αποθηκεύτηκε σε:
| Συγγραφή απο Οργανισμό/Αρχή: | |
|---|---|
| Άλλοι συγγραφείς: | |
| Μορφή: | Βιβλίο |
| Γλώσσα: | English |
| Δημοσίευση: |
New York :
Falmer Press,
1989
|
| Σειρά: | Disability, handicap, and life chances ;
; 3 |
| Θέματα: | |
| Ετικέτες: |
Προσθήκη ετικέτας
Δεν υπάρχουν, Καταχωρήστε ετικέτα πρώτοι!
|
MARC
| LEADER | 00000cam a2200000 i 4500 | ||
|---|---|---|---|
| 001 | 1/27613 | ||
| 008 | 060404s1989 eng d | ||
| 020 | |a 1-85000-615-6 | ||
| 035 | |l 10083445 | ||
| 040 | |a GR-MY-UA |b gre |e aacr | ||
| 041 | 0 | |a eng | |
| 082 | 0 | |a 371.9 |2 (22) | |
| 245 | 1 | 0 | |a Integration: : |b myth or reality? / |c edited by Len Barton |
| 260 | |a New York : |b Falmer Press, |c 1989 | ||
| 300 | |a viii, 189 σ.; |b εικ.; |c 25 εκ. | ||
| 490 | 1 | |a Disability, handicap, and life chances series |v ; 3 | |
| 500 | |a Τα αναθεωρημένα κείμενα αυτού του τόμου παρουσιάστηκαν πρώτη φορά στο Διεθνές Συνέδριο με τίτλο Disability, Handicap and Policy at Bristol Polytechnic, στην Αγγλία τον Ιούλιο του 1988 | ||
| 504 | |a Περιέχει βιβλιογραφία και ευρετήριο | ||
| 650 | 0 | 0 | |a Children with disabilities |x Education |x Congresses. |
| 650 | 0 | 0 | |a Mainstreaming in education |x Government policy |x Congresses. |
| 650 | 0 | 0 | |a People with disabilities |x Government policy |z Congresses. |
| 700 | 1 | |a Barton, Len, |e edt | |
| 710 | 2 | |a International Conference on Disability, Handicap, and Policy. | |
| 830 | 0 | |a Disability, handicap, and life chances ; |v ; 3 | |
| 852 | |a INST |b LESVOS |e 20060404 |h 371.9 INT |p 005100034833 |q 005100034833 |t BK |y 0 | ||
| 901 | |a BIBL1-2006-1 | ||
| 909 | |a Λ |b 126250 | ||
| 970 | |a ΚΑΡΑ |b ΓΙΑΣΕΜΗ |z 2006/04/04 | ||